[Event "CRO-chT3A Center"]
[Site "Zagreb"]
[Date "2010.11.14"]
[Round "11.65"]
[White "Jakovljevski, Radivoje"]
[Black "Vukusic, Marin"]
[Result "1/2-1/2"]
[WhiteElo "2089"]
[BlackElo "2107"]
[PlyCount "39"]
[EventDate "2010.03.21"]
[EventType "team-tourn"]
[EventRounds "11"]
[EventCountry "CRO"]
[SourceTitle "EXT 2012"]
[Source "ChessBase"]
[SourceDate "2011.11.24"]
[SourceVersion "1"]
[SourceVersionDate "2011.11.24"]
[SourceQuality "1"]

1. e4 c5 2. c3 Nf6 3. Bc4 Nc6 4. d4 cxd4 5. cxd4 d5 6. exd5 Nxd5 7. Nc3 Nb6 8. Bb5 e6 9. Nf3 Be7 10. 0-0 0-0 11. a3 Nd5 12. Qe2 Bf6 13. Rd1 Nxc3 14. bxc3 Ne7 15. Bd3 g6 16. Rb1 Qc7 17. c4 Rd8 18. Be4 Nc6 19. Be3 Na5 20. Rdc1 1/2-1/2

[Event "CRO-chT3A Center"]
[Site "Zagreb"]
[Date "2010.04.25"]
[Round "6.35"]
[White "Jakovljevski, Radivoje"]
[Black "Ivekovic, Ana"]
[Result "1/2-1/2"]
[WhiteElo "2089"]
[BlackElo "1929"]
[PlyCount "150"]
[EventDate "2010.03.21"]
[EventType "team-tourn"]
[EventRounds "11"]
[EventCountry "CRO"]
[SourceTitle "EXT 2012"]
[Source "ChessBase"]
[SourceDate "2011.11.24"]
[SourceVersion "1"]
[SourceVersionDate "2011.11.24"]
[SourceQuality "1"]

1. e4 e5 2. Nf3 Nc6 3. Bb5 a6 4. Bxc6 dxc6 5. d3 Bd6 6. Be3 Ne7 7. c4 Ng6 8. c5 Be7 9. h3 Nh4 10. Nxh4 Bxh4 11. 0-0 0-0 12. Qe2 Be6 13. f4 exf4 14. Bxf4 Bg5 15. Be3 Bxe3+ 16. Qxe3 Qd7 17. Nc3 Rad8 18. Rad1 Qd4 19. Qxd4 Rxd4 20. Kf2 f6 21. Ke3 Rd7 22. b4 Re8 23. Rd2 Bf7 24. Ne2 Ra8 25. Rb1 Re8 26. g4 Red8 27. Ng3 Be6 28. a3 Bc4 29. d4 Re8 30. Re1 Ra8 31. Rc1 Bf7 32. Rb1 Re8 33. Kd3 Bg6 34. Re1 Ra8 35. a4 Bf7 36. Ra1 Rad8 37. Kc3 Re8 38. Re1 Rde7 39. Rde2 Bg6 40. h4 Bf7 41. Nf5 Rd7 42. g5 fxg5 43. hxg5 Bg6 44. Nh4 Bh5 45. Re3 Rf8 46. Rg1 Rf4 47. Rh1 g6 48. Kd3 Rdf7 49. Nf5 gxf5 50. Rxh5 fxe4+ 51. Rxe4 R4f5 52. Re3 Rd7 53. Re4 Rdf7 54. Kc4 Rf1 55. Rh3 Rc1+ 56. Rc3 Rg1 57. Re8+ Rf8 58. Re5 Rg4 59. Rce3 Rg1 60. Re7 Rxg5 61. Rxc7 Rg7 62. Rxg7+ Kxg7 63. b5 axb5+ 64. axb5 Rf4 65. Re7+ Rf7 66. Re4 Kf8 67. Re6 Rc7 68. d5 cxd5+ 69. Kxd5 Rd7+ 70. Ke5 Re7 71. Kd6 Rxe6+ 72. Kxe6 Ke8 73. Kf6 Kd7 74. Kg5 Ke6 75. Kh6 Kd5 1/2-1/2

[Event "Zagreb op-B"]
[Site "Zagreb"]
[Date "2010.02.28"]
[Round "4"]
[White "Jakovljevski, Radivoje"]
[Black "Petrovic, Zvonko"]
[Result "0-1"]
[WhiteElo "2089"]
[BlackElo "2262"]
[PlyCount "98"]
[EventDate "2010.02.25"]
[EventType "swiss"]
[EventRounds "9"]
[EventCountry "CRO"]
[SourceTitle "CBM 135 Extra"]
[Source "ChessBase"]
[SourceDate "2010.05.04"]
[SourceVersion "1"]
[SourceVersionDate "2010.05.04"]
[SourceQuality "1"]

1. e4 c5 2. c3 d5 3. exd5 Qxd5 4. d4 Nf6 5. Nf3 Bg4 6. Be2 cxd4 7. cxd4 Nc6 8. Nc3 Qa5 9. 0-0 e6 10. Bd2 Be7 11. h3 Bh5 12. Nb5 Qd8 13. Bf4 0-0 14. Be5 a6 15. Nc3 Rc8 16. g4 Bg6 17. Nh4 Qa5 18. Nxg6 hxg6 19. Qa4 Qxa4 20. Nxa4 Nd7 21. Bf3 f6 22. Bg3 b5 23. Bxc6 Rxc6 24. Nc3 Nb6 25. Ne2 Rc2 26. Nf4 Kf7 27. Rae1 Rc6 28. Re2 g5 29. Ng2 Rd8 30. Rd1 e5 31. Ne3 Rxd4 32. Rxd4 exd4 33. Nf5 Rc1+ 34. Kg2 Bc5 35. b4 Bxb4 36. Nxd4 Re1 37. Rc2 Nc4 38. a4 Rd1 39. Nc6 Bf8 40. Nb8 Rd2 41. Rc3 Bb4 42. Rc1 Ba3 43. Rc3 Bb2 44. Rb3 bxa4 45. Rb7+ Kg6 46. Nxa6 a3 47. Nc5 a2 48. Ne6 f5 49. Nf8+ Kh6 0-1

[Event "Zagreb op-B"]
[Site "Zagreb"]
[Date "2010.02.26"]
[Round "2"]
[White "Djurovic, Goran"]
[Black "Jakovljevski, Radivoje"]
[Result "0-1"]
[WhiteElo "2276"]
[BlackElo "2089"]
[PlyCount "96"]
[EventDate "2010.02.25"]
[EventType "swiss"]
[EventRounds "9"]
[EventCountry "CRO"]
[SourceTitle "CBM 135 Extra"]
[Source "ChessBase"]
[SourceDate "2010.05.04"]
[SourceVersion "1"]
[SourceVersionDate "2010.05.04"]
[SourceQuality "1"]

1. Nf3 Nf6 2. c4 e6 3. g3 d5 4. Bg2 Be7 5. 0-0 0-0 6. d4 Nbd7 7. Qc2 c6 8. Nbd2 Qc7 9. e4 dxe4 10. Nxe4 Nxe4 11. Qxe4 Nf6 12. Qe2 Re8 13. Bf4 Qa5 14. Ne5 Nd7 15. a3 Nxe5 16. Bxe5 Qd8 17. Rfd1 f6 18. Bf4 Bd6 19. Bxd6 Qxd6 20. b4 Bd7 21. c5 Qc7 22. a4 Rad8 23. h4 Qc8 24. Qc4 Kh8 25. b5 Re7 26. b6 a6 27. Re1 Be8 28. Bf3 Bf7 29. Qc3 Rde8 30. Re3 Qd8 31. Rae1 Rd7 32. Re4 e5 33. Bg4 exd4 34. Rxe8+ Bxe8 35. Qd2 Rd5 36. Qf4 d3 37. Qc7 d2 38. Rd1 Bg6 39. Qxb7 Bc2 40. Qxc6 Bxd1 41. Bxd1 Re5 42. b7 Re1+ 43. Kh2 Rxd1 44. Qc8 Rh1+ 45. Kxh1 d1Q+ 46. Kh2 Q1d2 47. Kg1 Qe1+ 48. Kg2 Qee8 0-1

[Event "CRO-chT3"]
[Site "Zagreb"]
[Date "2009.04.26"]
[Round "7"]
[White "Dejanovic, Mladen"]
[Black "Jakovljevski, Radivoje"]
[Result "0-1"]
[WhiteElo "2058"]
[BlackElo "2075"]
[PlyCount "78"]
[EventDate "2009.03.08"]
[EventType "team-tourn"]
[EventRounds "9"]
[EventCountry "CRO"]
[SourceTitle "EXT 2011"]
[Source "ChessBase"]
[SourceDate "2010.11.26"]
[SourceVersion "1"]
[SourceVersionDate "2010.11.26"]
[SourceQuality "1"]

1. e4 e6 2. d4 d5 3. exd5 exd5 4. Bd3 Nf6 5. Bg5 Bd6 6. Nc3 c6 7. Qf3 Nbd7 8. Bf5 Be7 9. Nge2 0-0 10. h4 Nb6 11. b3 Bxf5 12. Qxf5 Nc8 13. 0-0 Nd6 14. Qf3 Nfe4 15. Bxe7 Qxe7 16. Qf4 Rae8 17. Rad1 Qd7 18. f3 Nxc3 19. Nxc3 Re6 20. g4 Rfe8 21. Rd2 Qe7 22. Qg3 Re3 23. Nd1 Ne4 24. Qh2 Nxd2 25. Qxd2 Re2 26. Qf4 Rxc2 27. g5 Qe2 28. Nf2 Qe3 29. Qg4 Rxa2 30. h5 Re2 31. Kg2 Qe6 32. Qg3 h6 33. gxh6 Qxh6 34. Rh1 f6 35. Rh4 Qd2 36. Rg4 Rxf2+ 37. Kh3 Re7 38. Qb8+ Kh7 39. h6 Rxf3+ 0-1

[Event "CRO-chT3"]
[Site "Zagreb"]
[Date "2008.04.06"]
[Round "2"]
[White "Jakovljevski, Radivoje"]
[Black "Maravic, Stjepan"]
[Result "0-1"]
[WhiteElo "2106"]
[BlackElo "2167"]
[PlyCount "84"]
[EventDate "2008.03.30"]
[EventType "team-tourn"]
[EventRounds "9"]
[EventCountry "CRO"]
[SourceTitle "EXT 2011"]
[Source "ChessBase"]
[SourceDate "2010.11.26"]
[SourceVersion "1"]
[SourceVersionDate "2010.11.26"]
[SourceQuality "1"]

1. e4 d6 2. d4 g6 3. f4 Bg7 4. Nc3 Nf6 5. e5 dxe5 6. fxe5 Nd5 7. Ne4 0-0 8. c3 f6 9. exf6 exf6 10. Be2 Re8 11. Ng3 f5 12. Nh3 h5 13. 0-0 Nc6 14. Bc4 Na5 15. Bd3 Qd6 16. Nf4 Bd7 17. Qf3 Bc6 18. Qf2 b6 19. Nge2 Bb7 20. Qg3 Ne7 21. b4 Nac6 22. Bc4+ Kh7 23. Kh1 Nd8 24. Qh3 Bh6 25. Bd2 Nd5 26. Bd3 Nxf4 27. Bxf4 Bxf4 28. Nxf4 Kh6 29. Rf2 Nf7 30. Raf1 Ng5 31. Qh4 Ne4 32. Rf3 Rg8 33. Bxe4 Bxe4 34. Rh3 Rh8 35. Rg3 Kh7 36. Nxh5 Kg8 37. Qg5 Kf7 38. Nf4 Rag8 39. Re3 Re8 40. Qg3 Qf6 41. Nh3 Qd6 42. Ng5+ Kg7 0-1

[Event "Zagreb op"]
[Site "Zagreb"]
[Date "2007.03.21"]
[Round "5"]
[White "Jakovljevski, Radivoje"]
[Black "Bozinovic, Bogdan"]
[Result "0-1"]
[WhiteElo "2103"]
[BlackElo "2268"]
[PlyCount "144"]
[EventDate "2007.03.17"]
[EventType "swiss"]
[EventRounds "9"]
[EventCountry "CRO"]
[SourceTitle "CBM 117 Extra"]
[Source "ChessBase"]
[SourceDate "2007.05.09"]
[SourceVersion "1"]
[SourceVersionDate "2007.05.09"]
[SourceQuality "1"]

1. e4 c5 2. d4 cxd4 3. c3 dxc3 4. Nxc3 Nc6 5. Nf3 d6 6. Bc4 a6 7. a3 Nf6 8. e5 dxe5 9. Qxd8+ Nxd8 10. Nxe5 e6 11. Bg5 Be7 12. Be2 Nd7 13. Bxe7 Kxe7 14. Nc4 Nc6 15. 0-0-0 Rd8 16. Rhe1 Nf6 17. Nb6 Rb8 18. Bf3 Rxd1+ 19. Kxd1 Bd7 20. Ncd5+ Nxd5 21. Nxd5+ Kd6 22. Nb6 Be8 23. Re3 Kc7 24. Na4 Rd8+ 25. Kc1 Nd4 26. Rc3+ Kb8 27. Nc5 Nxf3 28. Rxf3 Rc8 29. Rc3 Ka7 30. Kd2 b6 31. Ne4 Rxc3 32. Kxc3 f6 33. g3 Kb8 34. Kd4 Kc7 35. Nd2 Bc6 36. Nc4 Bd5 37. Ne3 Bf3 38. b4 g6 39. h4 Kc6 40. Kc4 e5 41. Kd3 Kb5 42. Kc3 Kc6 43. Kd3 h5 44. Kc3 Bd5 45. Kd3 Be6 46. Kc3 Bf7 47. Kd3 Kd6 48. Nd1 g5 49. Ne3 Bg6+ 50. Kc4 b5+ 51. Kc3 gxh4 52. gxh4 f5 53. Nf1 Kd5 54. Nd2 f4 55. Nb3 e4 56. Kd2 Bf5 57. Nc5 a5 58. Na6 a4 59. Nc7+ Kc4 60. Ne8 Kd4 61. Nd6 e3+ 62. Ke1 Bd3 63. Nf7 Bc4 64. Ng5 Ke5 65. Nf3+ Ke4 66. Ng1 f3 67. Nh3 Bd5 68. Kf1 e2+ 69. Ke1 Kf5 70. Ng5 Kg4 71. Nh7 Kxh4 72. Nf6 Bc6 0-1

[Event "Porec op"]
[Site "Porec"]
[Date "2004.12.03"]
[Round "3"]
[White "Doric, Darko"]
[Black "Jakovljevski, Radivoje"]
[Result "1-0"]
[WhiteElo "2324"]
[BlackElo "2090"]
[PlyCount "108"]
[EventDate "2004.12.02"]
[EventType "swiss"]
[EventRounds "7"]
[EventCountry "CRO"]
[SourceTitle "CBM 103 Extra"]
[Source "ChessBase"]
[SourceDate "2005.01.01"]
[SourceVersion "1"]
[SourceVersionDate "2005.01.01"]
[SourceQuality "1"]

1. d4 Nf6 2. Bg5 Ne4 3. Bf4 d5 4. Nd2 Nxd2 5. Qxd2 e6 6. e3 Bd6 7. Bg3 0-0 8. Nf3 b6 9. c3 c5 10. Bd3 Ba6 11. Bxa6 Nxa6 12. 0-0 Bxg3 13. hxg3 Nc7 14. Rfe1 f5 15. Ne5 Ne8 16. dxc5 bxc5 17. c4 Nf6 18. cxd5 exd5 19. Red1 Qd6 20. Nf3 Rad8 21. b3 Ne4 22. Qc2 Rf7 23. Rac1 g5 24. Nd2 Rc7 25. Nxe4 fxe4 26. Rd2 Qe5 27. Qd1 Kg7 28. Rdc2 Re8 29. Qe2 h6 30. Qb5 Qd6 31. Rd2 Rd8 32. Rcd1 Qe5 33. Qa5 Kf6 34. Rc2 Rdc8 35. Qa6+ Qe6 36. Qa5 Qe5 37. Kh2 h5 38. Rcd2 Rd8 39. Kg1 Rcd7 40. Qa6+ Qe6 41. Qb5 Qb6 42. Qe2 g4 43. Rc1 Rc7 44. Rdc2 Rdc8 45. Qd2 Qd6 46. Rc4 Ke7 47. Ra4 Qe5 48. Ra5 Kf7 49. b4 cxb4 50. Rxc7+ Rxc7 51. Rxd5 Qc3 52. Rf5+ Kg8 53. Qd6 Qg7 54. Qd8+ Kh7 1-0

[Event "Porec op"]
[Site "Porec"]
[Date "2004.12.02"]
[Round "2"]
[White "Jakovljevski, Radivoje"]
[Black "Cherin, Diego"]
[Result "1/2-1/2"]
[WhiteElo "2090"]
[BlackElo "2272"]
[PlyCount "78"]
[EventDate "2004.12.02"]
[EventType "swiss"]
[EventRounds "7"]
[EventCountry "CRO"]
[SourceTitle "CBM 103 Extra"]
[Source "ChessBase"]
[SourceDate "2005.01.01"]
[SourceVersion "1"]
[SourceVersionDate "2005.01.01"]
[SourceQuality "1"]

1. e4 c5 2. d4 cxd4 3. c3 dxc3 4. Nxc3 Nc6 5. Nf3 d6 6. Bc4 g6 7. e5 Be6 8. Bxe6 fxe6 9. Bf4 Nh6 10. Qe2 d5 11. 0-0 Bg7 12. Rfd1 0-0 13. Bg3 Nf5 14. Ng5 Qd7 15. f4 Bh6 16. Nh3 Nxg3 17. hxg3 Rac8 18. Rac1 Na5 19. b4 Nc4 20. Nxd5 exd5 21. Rxc4 Rxc4 22. Qxc4 Qxh3 23. Qxd5+ e6 24. gxh3 exd5 25. Rxd5 Rf7 26. Kg2 Rc7 27. h4 Bf8 28. b5 Kf7 29. Kf3 Be7 30. g4 Rc3+ 31. Ke4 Rh3 32. Rd7 Ra3 33. f5 Ra4+ 34. Kd5 Rxa2 35. Rxb7 Rd2+ 36. Ke4 Re2+ 37. Kd5 Rd2+ 38. Kc4 Rc2+ 39. Kd5 Rd2+ 1/2-1/2